Normal view
MARC view
- FUEL TECHNOLO CNG CONVERSION OF LIGHT DUTY VEHICLS LPG CONVERSION OF LIGHT DUTY VEHICLS.SP-1391
Entry Topical Term
001 - CONTROL NUMBER
- control field: 78131
003 - CONTROL NUMBER IDENTIFIER
- control field: NUST
005 - DATE AND TIME OF LATEST TRANSACTION
- control field: 20210628210111.0
008 - FIXED-LENGTH DATA ELEMENTS
- fixed length control field: 210628|| aca||aabn | a|a d
040 ## - CATALOGING SOURCE
- Original cataloging agency: NUST
- Transcribing agency: NUST
150 ## - HEADING--TOPICAL TERM
- Topical term or geographic name entry element: FUEL TECHNOLO CNG CONVERSION OF LIGHT DUTY VEHICLS LPG CONVERSION OF LIGHT DUTY VEHICLS.SP-1391
670 ## - SOURCE DATA FOUND
- Source citation: Work cat.: (NUST): Sae 10239, Alternative fuels 1998 sp-1391, 1998
